La población afrocostarricense según los datos del censo 2000 /

Sábháilte in:
Sonraí bibleagrafaíochta
Príomhchruthaitheoir: Putnam W., Lara Elizabeth
Údar corparáideach: Simposio Costa Rica a la luz del Censo del 2000 (5-6 de agosto del 2000)
Formáid: Imeacht comhdhála
Rochtain ar líne:http://populi.eest.ucr.ac.cr
Clibeanna: Cuir clib leis
Níl clibeanna ann, Bí ar an gcéad duine le clib a chur leis an taifead seo!

MARC

LEADER 00000 a a2200000 04500
001 44976
003
040
100 |a Putnam W., Lara Elizabeth  
245 |a La población afrocostarricense según los datos del censo 2000 /  |c Lara Elizabeth Putnam W.  
500 |a Subpoblaciones y minorías. Parte IV  
711 |a Simposio Costa Rica a la luz del Censo del 2000 (5-6 de agosto del 2000)  
773 |g páginas 375-398  
856 |u http://populi.eest.ucr.ac.cr  
999 |c 33145  |d 33145